[Event "PRO League Group Stage"]
[Site "chess.com INT"]
[Date "2018.02.04"]
[Round "4"]
[White "Haldorsen, Benjamin"]
[Black "Roberson, Peter T"]
[Result "0-1"]
[WhiteTitle "FM"]
[BlackTitle "IM"]
[WhiteElo "2405"]
[BlackElo "2412"]
[WhiteTeam "Oslo Trolls"]
[BlackTeam "London Towers"]
[WhiteFideId "1512633"]
[BlackFideId "412384"]
[EventDate "2018.01.18"]

1. e4 e6 2. d4 d5 3. Nc3 Bb4 4. exd5 exd5 5. Bd3 Nf6 6. Ne2 O-O 7. O-O c6 8. h3
Re8 9. a3 Bd6 10. Ng3 Be6 11. Nf5 Bxf5 12. Bxf5 Nbd7 13. Bg5 Nf8 14. Qf3 Ng6 15.
Bd3 Be7 16. g3 Qb6 17. Be3 Bd6 18. h4 h5 19. Ne2 Ng4 20. Bd2 a5 21. b4 Qc7 22.
bxa5 Re7 23. Bxg6 fxg6 24. Qd3 Kh7 25. Bf4 Rxa5 26. Bxd6 Qxd6 27. Nf4 Ra4 28.
Nxh5 Re4 29. Nf4 Raxd4 30. Qb3 b5 31. Rad1 Ne5 32. Rxd4 Rxd4 33. Kg2 Qf6 34. Re1
Qf5 35. Qc3 Re4 36. Rxe4 Qxe4+ 37. f3 d4 38. Qd2 Qe3 39. Qf2 Nc4 40. Qf1 Qd2+
41. Kh3 Qxc2 42. Ne6 Qf5+ 43. g4 Qxe6 44. h5 gxh5 45. Qd3+ Kg8 46. Qxd4 hxg4+
47. fxg4 Qe3+ 48. Qxe3 Nxe3 49. Kg3 Nc4 50. Kf4 Nxa3 51. Ke4 0-1

[Event "PRO League Group Stage"]
[Site "chess.com INT"]
[Date "2018.02.04"]
[Round "4"]
[White "Yanchenko, Roman"]
[Black "Volodin, Aleksandr"]
[Result "1-0"]
[WhiteTitle "FM"]
[BlackTitle "GM"]
[WhiteElo "2436"]
[BlackElo "2462"]
[WhiteTeam "London Towers"]
[BlackTeam "Estonia Horses"]
[WhiteFideId "4137329"]
[BlackFideId "4501950"]
[EventDate "2018.01.18"]

1. d4 d5 2. c4 e6 3. Nc3 Nf6 4. e3 c6 5. Nf3 Nbd7 6. Qc2 Bd6 7. Bd3 dxc4 8. Bxc4
b5 9. Bd3 Bb7 10. O-O O-O 11. a3 h6 12. Rd1 Qe7 13. Bd2 a6 14. b4 a5 15. bxa5
Bxa3 16. Ne4 Nxe4 17. Bxe4 Nf6 18. Bxc6 Rac8 19. Qb3 Bxc6 20. Qxa3 Qb7 21. a6
Qa8 22. Ne1 Ne4 23. Bb4 Rfe8 24. Rac1 Bd5 25. f3 Ng5 26. Rxc8 Rxc8 27. e4 Bc4
28. h4 Nh7 29. Nd3 f5 30. exf5 exf5 31. Ne5 Nf6 32. a7 Nd5 33. Bc5 Qb7 34. Nxc4
bxc4 35. Qa2 c3 36. Rb1 c2 37. Ra1 Kh7 38. Qxc2 Ne3 39. Qd3 Qb2 40. Qxe3 Qxa1+
41. Kh2 Qa2 42. Qe5 Qf7 43. d5 Qd7 44. Bd4 Re8 45. Qb8 Qa4 46. Bf2 Kg8 47. d6
Kf7 48. d7 Qxd7 49. a8=Q Rxb8 50. Qxb8 Kg6 51. Qe5 1-0

[Event "PRO League Group Stage"]
[Site "chess.com INT"]
[Date "2018.02.04"]
[Round "4"]
[White "Yanchenko, Roman"]
[Black "Andreikin, Dmitry"]
[Result "1-0"]
[WhiteTitle "FM"]
[BlackTitle "GM"]
[WhiteElo "2436"]
[BlackElo "2712"]
[WhiteTeam "London Towers"]
[BlackTeam "Volga Stormbringers"]
[WhiteFideId "4137329"]
[BlackFideId "4158814"]
[EventDate "2018.01.18"]

1. d4 d5 2. c4 dxc4 3. Nc3 a6 4. e3 Nf6 5. Bxc4 e6 6. a4 c5 7. Nf3 Nc6 8. O-O
Be7 9. d5 exd5 10. Nxd5 O-O 11. Nxe7+ Qxe7 12. b3 Rd8 13. Qc2 Nb4 14. Qe2 Ne4
15. Bb2 Bg4 16. Rad1 Ng5 17. Rxd8+ Rxd8 18. Rd1 h6 19. Bc3 Nc6 20. Rd5 Bxf3 21.
Rxd8+ Qxd8 22. gxf3 Qd6 23. h4 Ne6 24. f4 Nb4 25. Qg4 Nd5 26. Bxd5 Qxd5 27. f5
h5 28. Qxh5 Nc7 29. Qg4 f6 30. Bxf6 Qf7 31. Be5 Nd5 32. h5 b5 33. axb5 axb5 34.
h6 Nf6 35. Qxg7+ Qxg7+ 36. hxg7 Ne4 37. f6 Nd2 38. Kg2 b4 39. Kg3 Nxb3 40. Kg4
Na5 41. Kf5 Nc6 42. Bd6 b3 43. Kg6 Nd8 44. Be5 1-0

[Event "PRO League Group Stage"]
[Site "chess.com INT"]
[Date "2018.02.04"]
[Round "4"]
[White "Yanchenko, Roman"]
[Black "Holm, Kristian Stuvik"]
[Result "0-1"]
[WhiteTitle "FM"]
[BlackTitle "IM"]
[WhiteElo "2436"]
[BlackElo "2436"]
[WhiteTeam "London Towers"]
[BlackTeam "Oslo Trolls"]
[WhiteFideId "4137329"]
[BlackFideId "1508083"]
[EventDate "2018.01.18"]

1. d4 Nf6 2. c4 g6 3. Nc3 d5 4. Nf3 Bg7 5. Bf4 O-O 6. c5 c6 7. e3 b6 8. b4 Nfd7
9. Be2 bxc5 10. bxc5 Nxc5 11. O-O Ne6 12. Bg3 Nd7 13. Rc1 Bb7 14. Qb3 Nb6 15.
Na4 Rc8 16. Rb1 c5 17. Nxb6 axb6 18. Qxb6 Ba8 19. dxc5 Nxc5 20. Qa7 Ne4 21. Ba6
Nxg3 22. hxg3 Rc2 23. Bd3 Rc3 24. Rb3 Rxb3 25. axb3 Qb8 26. Qa3 e5 27. Be2 Rc8
28. Rc1 Rd8 29. Qa5 Bf8 30. Nxe5 Bb4 31. Qa4 Bd2 32. Nc6 Bxc6 33. Rxc6 Bb4 34.
Bf3 Bf8 35. Rc5 Bxc5 36. Qc6 Qd6 37. Qb5 Rb8 38. Qd3 d4 39. e4 Qe6 40. Bd1 h5
41. f4 Be7 42. e5 Qf5 43. Qc4 Rc8 44. Qe2 d3 45. Qf3 Rc1 46. Kh2 Rxd1 47. Qxd1
Qe4 48. e6 fxe6 49. Qc1 Kf7 50. Qc3 h4 51. gxh4 Qxf4+ 52. g3 Qf2+ 53. Kh3 d2 54.
Qd3 Qf5+ 0-1

[Event "PRO League Group Stage"]
[Site "chess.com INT"]
[Date "2018.02.04"]
[Round "4"]
[White "Yanchenko, Roman"]
[Black "Plat, Vojtech"]
[Result "1/2-1/2"]
[WhiteTitle "FM"]
[BlackTitle "GM"]
[WhiteElo "2436"]
[BlackElo "2569"]
[WhiteTeam "London Towers"]
[BlackTeam "Riga Magicians"]
[WhiteFideId "4137329"]
[BlackFideId "325740"]
[EventDate "2018.01.18"]

1. d4 Nf6 2. c4 g6 3. Nc3 d5 4. Nf3 Bg7 5. Bf4 O-O 6. c5 b6 7. b4 Ne4 8. Qb3 Bb7
9. e3 a5 10. Nb5 Na6 11. bxa5 Nexc5 12. Qc2 Ne6 13. axb6 cxb6 14. Be5 f6 15. Bg3
Qd7 16. Be2 Rfc8 17. Qb3 Nb8 18. O-O Nc6 19. Rfc1 Na5 20. Qb4 Nc4 21. Nd2 Nxd2
22. Qxd2 Rxc1+ 23. Rxc1 Rc8 24. Rb1 Ng5 25. f3 Qf5 26. Na3 Qe6 27. Rb3 Nf7 28.
Nb5 Qd7 29. Nc3 Qc6 30. Bb5 Qe6 31. Ne2 g5 32. Bd3 Rc6 33. Bf2 Nd6 34. Ng3 Qc8
35. Rb1 Ba6 36. e4 Bxd3 37. Qxd3 Rc1+ 38. Rxc1 Qxc1+ 39. Qf1 Qxf1+ 40. Kxf1 e6
41. Ke2 Kf7 42. Kd3 f5 43. exf5 exf5 44. Ne2 Nc4 45. h4 h6 46. hxg5 hxg5 47. Be3
Bf6 48. Bc1 Ke6 49. Ng1 Na5 50. Nh3 f4 51. Ng1 Nc6 52. Bb2 Be7 53. Ne2 Nb4+ 54.
Kd2 Nxa2 55. g3 fxg3 56. Nxg3 Nb4 57. Kc3 Nc6 58. Bc1 b5 59. Nf1 b4+ 60. Kd3 Bf6
61. Be3 Ne7 62. Bd2 b3 63. Bc3 Nf5 64. Nd2 Nh4 65. Ke2 Kf5 66. Ke3 Ng2+ 67. Kf2
Nf4 68. Nxb3 Ne6 69. Ke3 Be7 70. Nc1 Bd6 71. Ne2 Bf4+ 72. Kf2 Bd6 73. Bd2 Bc7
74. Be3 Bd6 75. Nc1 Bc7 76. Nd3 Bb6 77. Nb4 Bxd4 78. Nxd5 Bxe3+ 1/2-1/2

[Event "PRO League Group Stage"]
[Site "chess.com INT"]
[Date "2018.02.04"]
[Round "4"]
[White "Sebenik, Matej"]
[Black "Klimakovs, Sergejs"]
[Result "1-0"]
[WhiteTitle "GM"]
[BlackTitle "FM"]
[WhiteElo "2551"]
[BlackElo "2309"]
[WhiteTeam "Ljubljana Turtles"]
[BlackTeam "Riga Magicians"]
[WhiteFideId "14602296"]
[BlackFideId "11602066"]
[EventDate "2018.01.18"]

1. Nf3 d5 2. d4 Nf6 3. c4 c6 4. Nc3 e6 5. Bg5 h6 6. Bxf6 Qxf6 7. e3 Nd7 8. Be2
g6 9. O-O dxc4 10. Ne4 Qe7 11. Ne5 Bg7 12. f4 O-O 13. Bxc4 Nf6 14. Nxf6+ Bxf6
15. Qg4 c5 16. f5 g5 17. Qh5 exf5 18. Ng6 Qxe3+ 19. Kh1 Qxd4 20. Qxh6 Qxc4 21.
Qxf8+ Kh7 22. b3 Qe6 23. Rae1 Kxg6 24. Rxe6 fxe6 25. Qg8+ Bg7 26. Rd1 1-0

[Event "PRO League Group Stage"]
[Site "chess.com INT"]
[Date "2018.02.04"]
[Round "4"]
[White "Fontaine, Robert"]
[Black "Gupta, Abhijeet"]
[Result "0-1"]
[WhiteTitle "GM"]
[BlackTitle "GM"]
[WhiteElo "2563"]
[BlackElo "2610"]
[WhiteTeam "Cannes Blockbusters"]
[BlackTeam "Delhi Dynamite"]
[WhiteFideId "605590"]
[BlackFideId "5010608"]
[EventDate "2018.01.18"]

1. e4 c5 2. Nf3 d6 3. Nc3 Nc6 4. d4 cxd4 5. Nxd4 Nf6 6. g3 e5 7. Nde2 Be7 8. Bg2
O-O 9. O-O Be6 10. h3 Rc8 11. g4 h6 12. Ng3 a6 13. Nf5 b5 14. Nd5 Bxf5 15. Nxe7+
Qxe7 16. exf5 d5 17. c3 e4 18. Bf4 Ne5 19. Qe2 Nd3 20. Bg3 Rfe8 21. Rad1 b4 22.
cxb4 Qxb4 23. b3 a5 24. Kh2 Qc3 25. f4 Nh7 26. h4 Nb4 27. g5 d4 28. Bxe4 Qe3 29.
Rfe1 Rxe4 30. Qf1 Rc2+ 31. Kh3 hxg5 32. Rxe3 g4+ 33. Kxg4 Nf6+ 34. Kh3 Rxe3 35.
Rc1 d3 36. Rxc2 dxc2 37. Qc4 Ne4 38. f6 Rxg3+ 39. Kh2 Rc3 40. Qxe4 c1=Q 41. Qe8+
Kh7 42. Qe4+ g6 0-1

[Event "PRO League Group Stage"]
[Site "chess.com INT"]
[Date "2018.02.04"]
[Round "4"]
[White "Sebenik, Matej"]
[Black "Kukk, Sander"]
[Result "1-0"]
[WhiteTitle "GM"]
[WhiteElo "2551"]
[BlackElo "2178"]
[WhiteTeam "Ljubljana Turtles"]
[BlackTeam "Estonia Horses"]
[WhiteFideId "14602296"]
[BlackFideId "4502094"]
[EventDate "2018.01.18"]

1. Nf3 g6 2. d4 Bg7 3. c4 Nf6 4. Nc3 O-O 5. e4 d6 6. Be2 Nc6 7. d5 Nb4 8. a3 Na6
9. Be3 Nc5 10. Nd2 a5 11. h4 b6 12. h5 Bd7 13. g4 e6 14. g5 Ne8 15. Qc2 c6 16.
O-O-O Nc7 17. dxc6 Bxc6 18. Nf3 Qe7 19. Nd4 Bd7 20. f4 e5 21. Nf3 exf4 22. Bxf4
Be5 23. Nxe5 dxe5 24. Be3 Bc6 25. Rh2 N7e6 26. Nd5 Bxd5 27. exd5 Nd4 28. Qc3 Ne4
29. Qd3 Nc5 30. Qc3 Ne4 31. Qe1 Rac8 32. Kb1 b5 33. Bd3 Nf3 34. Qe2 Nc3+ 35.
bxc3 Nxh2 36. c5 e4 37. Bxb5 Rxc5 38. Bxc5 Qxc5 39. c4 Nf3 40. Qxe4 Qxa3 41. Qd3
Qb4+ 42. Ka2 Ne5 43. Qb3 Qd6 44. h6 f6 45. Qc3 fxg5 46. c5 Rf2+ 47. Ka1 Qb8 48.
Ba4 Rf3 49. Qb2 Qc7 50. d6 Qxc5 51. d7 Rf8 52. d8=Q Rxd8 53. Rxd8+ Kf7 54. Rd1
g4 55. Bb3+ Kf6 56. Re1 Kf5 57. Bc2+ Kg5 58. Rxe5+ 1-0

[Event "PRO League Group Stage"]
[Site "chess.com INT"]
[Date "2018.02.04"]
[Round "4"]
[White "Sebenik, Matej"]
[Black "Haug, Johannes"]
[Result "1-0"]
[WhiteTitle "GM"]
[BlackTitle "FM"]
[WhiteElo "2551"]
[BlackElo "2357"]
[WhiteTeam "Ljubljana Turtles"]
[BlackTeam "Oslo Trolls"]
[WhiteFideId "14602296"]
[BlackFideId "1509268"]
[EventDate "2018.01.18"]

1. Nf3 Nf6 2. c4 b6 3. g3 Bb7 4. Bg2 c5 5. O-O g6 6. Nc3 Bg7 7. d3 O-O 8. e4 d6
9. h3 Nc6 10. Be3 Rc8 11. Qd2 Re8 12. Bh6 Bh8 13. Ng5 Nd4 14. f4 e6 15. e5 Bxg2
16. Qxg2 Nd7 17. g4 dxe5 18. f5 exf5 19. gxf5 Nf6 20. Nd5 Rc6 21. Ne4 Nxe4 22.
dxe4 Bf6 23. fxg6 hxg6 24. Qf2 Ree6 25. Kh1 Qd7 26. Rad1 Bg7 27. Bg5 f6 28. Be3
Kf7 29. Qg2 Re8 30. Rd2 Rh8 31. Kh2 Rd6 32. Rdf2 Rh5 33. Rg1 Kg8 34. Bxd4 cxd4
35. Rf3 Rh6 36. Rg3 f5 37. exf5 e4 38. f6 Bxf6 39. Rxg6+ Rxg6 40. Qxg6+ Kf8 41.
Nxf6 Qe6 42. Qg7# 1-0

[Event "PRO League Group Stage"]
[Site "chess.com INT"]
[Date "2018.02.04"]
[Round "4"]
[White "Fontaine, Robert"]
[Black "Melkumyan, Hrant"]
[Result "0-1"]
[WhiteTitle "GM"]
[BlackTitle "GM"]
[WhiteElo "2563"]
[BlackElo "2654"]
[WhiteTeam "Cannes Blockbusters"]
[BlackTeam "Armenia Eagles"]
[WhiteFideId "605590"]
[BlackFideId "13302485"]
[EventDate "2018.01.18"]

1. e4 c6 2. d4 d5 3. Nd2 dxe4 4. Nxe4 Bf5 5. Ng3 Bg6 6. h4 h6 7. Nf3 e6 8. h5
Bh7 9. Bd3 Bxd3 10. Qxd3 Nf6 11. Bd2 Be7 12. O-O-O O-O 13. Kb1 c5 14. Be3 cxd4
15. Qxd4 Nc6 16. Qa4 Qc7 17. Nd4 Nxd4 18. Bxd4 Rfc8 19. Bxf6 b5 20. Qb3 Bxf6 21.
Ne4 Be7 22. Rh3 Qc6 23. Re3 a5 24. f3 a4 25. Qd3 a3 26. b3 Rd8 27. Qe2 Rxd1+ 28.
Qxd1 Rd8 29. Rd3 Rxd3 30. Qxd3 f5 31. Nf2 Bf6 32. Nd1 Qc5 33. Qd7 Kf8 34. c3 Qe5
35. Qc8+ Kf7 36. Qd7+ Be7 37. Kc2 Qh2 38. Qd2 Qxh5 39. b4 Qh4 40. Qe2 Qg3 41.
Kb3 Qd6 42. Kxa3 h5 43. Nf2 Bf6 44. Qxb5 Bxc3 45. Nd3 g5 46. Kb3 Bd4 47. a4 g4
48. fxg4 hxg4 49. a5 Kf6 50. Qc4 f4 51. Qc8 Kf5 52. Qg8 Ke4 53. Ne1 Qd5+ 54. Ka3
Qf5 55. a6 Ke3 56. Qc8 Kd2 57. Qd7 Qd5 58. Qc7 Kxe1 59. Qc1+ Ke2 60. Qxf4 e5 61.
Qxg4+ Kf2 62. Qd1 Bb2+ 63. Kxb2 Qxd1 64. a7 Qd5 0-1

[Event "PRO League Group Stage"]
[Site "chess.com INT"]
[Date "2018.02.04"]
[Round "4"]
[White "Skoberne, Jure"]
[Black "Swapnil, S. Dhopade"]
[Result "1/2-1/2"]
[WhiteTitle "GM"]
[BlackTitle "GM"]
[WhiteElo "2553"]
[BlackElo "2533"]
[WhiteTeam "Ljubljana Turtles"]
[BlackTeam "Mumbai Movers"]
[WhiteFideId "14604299"]
[BlackFideId "5019184"]
[EventDate "2018.01.18"]

1. Nf3 Nf6 2. g3 d5 3. Bg2 c6 4. c4 Bg4 5. Ne5 Be6 6. cxd5 Bxd5 7. Nf3 c5 8. Nc3
Bc6 9. d3 e6 10. O-O Be7 11. e4 O-O 12. Qe2 Qb6 13. Ne5 Nfd7 14. Nc4 Qa6 15. a4
b6 16. f4 Qb7 17. f5 exf5 18. Ne3 Bg5 19. Rxf5 f6 20. Rxg5 fxg5 21. Nf5 Ne5 22.
Bxg5 Nbd7 23. Rf1 Nf6 24. Nh6+ Kh8 25. Bxf6 Rxf6 26. Rxf6 gxf6 27. Nd5 Rf8 28.
Nf5 Qd7 29. Qh5 Nxd3 30. Nde7 Ne5 31. Qh6 Rf7 32. h3 Qe8 33. g4 Qf8 34. g5 Qxh6
35. gxh6 Ng6 36. Nd5 Bxd5 37. exd5 Nf4 38. d6 Rd7 39. Bc6 Rd8 40. d7 Kg8 41. Nd6
Kf8 42. Nb7 Ke7 43. Nxd8 Kxd8 44. Kh2 Ne6 45. Be4 Nf8 46. Bf5 a6 47. Kg3 b5 48.
a5 Ke7 49. Kf2 Nxd7 50. Bxh7 Ne5 51. Bf5 Kf7 52. b3 Nc6 53. Bc8 Nxa5 54. Bxa6
Nxb3 55. Bxb5 Kg6 56. Bc4 Nd4 57. Ke3 Kxh6 58. Ke4 Nc6 59. Kd5 Ne5 60. Be2 c4
61. Bxc4 Nxc4 62. Kxc4 Kg5 63. Kd4 Kf4 64. h4 Kf5 65. h5 Kg5 66. Ke4 Kxh5 67.
Kf5 Kh6 68. Kxf6 1/2-1/2

[Event "PRO League Group Stage"]
[Site "chess.com INT"]
[Date "2018.02.04"]
[Round "4"]
[White "Skoberne, Jure"]
[Black "Tari, Aryan"]
[Result "0-1"]
[WhiteTitle "GM"]
[BlackTitle "GM"]
[WhiteElo "2553"]
[BlackElo "2599"]
[WhiteTeam "Ljubljana Turtles"]
[BlackTeam "Norway Gnomes"]
[WhiteFideId "14604299"]
[BlackFideId "1510045"]
[EventDate "2018.01.18"]

1. Nf3 d5 2. g3 g6 3. Bg2 Bg7 4. d4 Nh6 5. O-O Nf5 6. c3 O-O 7. Nbd2 Nd6 8. Ne5
c6 9. e4 dxe4 10. Nxe4 Nxe4 11. Bxe4 Nd7 12. f4 Qb6 13. Nd3 e5 14. fxe5 Nxe5 15.
Nxe5 Bxe5 16. Bh6 Bg7 17. Bxg7 Kxg7 18. Qd2 c5 19. dxc5 Qxc5+ 20. Qf2 Qxf2+ 21.
Kxf2 Be6 22. b3 Rac8 23. c4 b6 24. Rfd1 Rfd8 25. h4 Kf6 26. Ke3 Ke5 27. Bb7 Rxd1
28. Rxd1 Rc7 29. Bf3 Rd7 30. Rxd7 Bxd7 31. b4 f5 32. c5 bxc5 33. bxc5 Be6 34. a3
h6 35. c6 g5 36. hxg5 hxg5 37. c7 Bc8 38. Bg2 Kd6 39. Kd4 Kxc7 40. Ke5 Kb6 41.
Kf6 g4 42. Bd5 f4 43. gxf4 g3 44. Ke5 Bb7 45. f5 Bxd5 0-1

[Event "PRO League Group Stage"]
[Site "chess.com INT"]
[Date "2018.02.04"]
[Round "4"]
[White "Skoberne, Jure"]
[Black "Andriasian, Zaven"]
[Result "0-1"]
[WhiteTitle "GM"]
[BlackTitle "GM"]
[WhiteElo "2553"]
[BlackElo "2585"]
[WhiteTeam "Ljubljana Turtles"]
[BlackTeam "Armenia Eagles"]
[WhiteFideId "14604299"]
[BlackFideId "13302000"]
[EventDate "2018.01.18"]

1. d4 d5 2. Bf4 Nf6 3. e3 Bg4 4. Nf3 e6 5. c4 Nbd7 6. Nc3 c6 7. h3 Bh5 8. Qb3
Bxf3 9. gxf3 Qc8 10. Rc1 dxc4 11. Bxc4 Be7 12. Rg1 g6 13. Ne4 O-O 14. Bh6 Re8
15. Bxe6 fxe6 16. Qxe6+ Kh8 17. Qf7 Nh5 18. Rg5 Bxg5 19. Nxg5 Ndf6 20. e4 Qd7
21. Qxd7 Nxd7 22. Nf7+ Kg8 23. Nd6 Re6 24. Nxb7 Rf6 25. e5 Rxf3 26. Rxc6 Nf4 27.
Rc7 Nf8 28. Rg7+ Kh8 29. Nd6 N4e6 30. Nf7+ Rxf7 31. Rxf7 Kg8 32. Rf6 Nxd4 33.
Kd2 Nf5 34. Be3 Nd7 35. Ra6 Nxe3 36. Kxe3 Nxe5 37. b4 Kf7 38. b5 Ke7 39. b6 Nc4+ 0-1

[Event "PRO League Group Stage"]
[Site "chess.com INT"]
[Date "2018.02.04"]
[Round "4"]
[White "Skoberne, Jure"]
[Black "Vaibhav, Suri"]
[Result "1-0"]
[WhiteTitle "GM"]
[BlackTitle "GM"]
[WhiteElo "2553"]
[BlackElo "2542"]
[WhiteTeam "Ljubljana Turtles"]
[BlackTeam "Delhi Dynamite"]
[WhiteFideId "14604299"]
[BlackFideId "5045185"]
[EventDate "2018.01.18"]

1. f4 d5 2. Nf3 Nf6 3. e3 g6 4. c4 Bg7 5. Nc3 O-O 6. d4 Bg4 7. Qb3 Bxf3 8. gxf3
c5 9. Qxb7 Nbd7 10. Nxd5 cxd4 11. e4 Nxd5 12. cxd5 Nc5 13. Qb5 Qc7 14. Qc4 a5
15. Bd2 Qb6 16. Rc1 Nb7 17. Qb5 Qa7 18. Rc7 Rab8 19. Bd3 Rfc8 20. Qa6 Qxa6 21.
Rxc8+ Rxc8 22. Bxa6 Rb8 23. b3 a4 24. b4 Nd6 25. Ke2 a3 26. Bd3 Bh6 27. Rc1 f6
28. Rc7 Kf7 29. e5 Nb5 30. Bxb5 Rxb5 31. d6 Bf8 32. d7 Rd5 33. Rc8 Rxd7 34. e6+
Kxe6 35. Rxf8 Kf5 36. Kd3 h5 37. Ra8 h4 38. Rxa3 e5 39. Ra5 g5 40. fxe5 fxe5 41.
a4 h3 42. Rc5 Re7 43. a5 Re6 44. b5 g4 45. fxg4+ Kxg4 46. Ke4 1-0

[Event "PRO League Group Stage"]
[Site "chess.com INT"]
[Date "2018.02.04"]
[Round "4"]
[White "Prithu, Gupta"]
[Black "Maurizzi, Marc Andria"]
[Result "1/2-1/2"]
[WhiteTitle "FM"]
[BlackTitle "CM"]
[WhiteElo "2373"]
[BlackElo "2018"]
[WhiteTeam "Delhi Dynamite"]
[BlackTeam "Marseille Migraines"]
[WhiteFideId "46618546"]
[BlackFideId "36083534"]
[EventDate "2018.01.18"]

1. Nf3 Nf6 2. c4 b6 3. g3 Bb7 4. Bg2 e6 5. O-O Be7 6. Nc3 O-O 7. b3 d5 8. d4
Nbd7 9. Bf4 c5 10. Ne5 cxd4 11. Qxd4 Nxe5 12. Bxe5 Bc5 13. Qh4 Nd7 14. Qxd8
Rfxd8 15. Bc7 Rdc8 16. Bf4 Nf6 17. Rad1 Rd8 18. Be5 Bb4 19. cxd5 Bxc3 20. Bxc3
Nxd5 21. Bb2 Ba6 22. Rd2 Nf6 23. Rfd1 Rxd2 24. Rxd2 Rc8 25. h3 h6 26. e3 Rc7 27.
Be5 Rd7 28. Rc2 Bb7 29. Bxb7 Rxb7 30. Rc8+ Kh7 31. Rd8 Kg6 32. f3 Kf5 33. Bd4
Rc7 34. g4+ Kg6 35. a4 Nd7 36. h4 e5 37. h5+ Kf6 38. Bb2 Rc2 39. Ba3 Ra2 40. Bb4
Nc5 41. Rd6+ Ne6 42. f4 g6 43. hxg6 fxg6 44. Bc3 Ke7 45. Bxe5 Ra3 46. Rd3 Ra2
47. Rc3 Rd2 48. f5 Ng5 49. Bf4 Nh3+ 50. Kf1 Nxf4 51. exf4 gxf5 52. gxf5 Rb2 53.
Rc6 Rxb3 54. Ke2 Rb4 55. Ke3 Rxa4 56. Rxh6 Ra5 57. Ke4 Ra4+ 58. Kf3 Ra1 59. f6+
Kf7 60. Kg4 Ra5 61. f5 Ra1 62. Rg6 b5 63. Kg5 Rg1+ 64. Kh6 Rh1+ 65. Kg5 Rg1+ 66.
Kh6 Rf1 67. Kg5 b4 68. Rg7+ Kf8 69. Rxa7 Rg1+ 70. Kf4 Rf1+ 71. Ke5 Re1+ 72. Kd6
Rd1+ 73. Ke5 Re1+ 74. Kf4 Rf1+ 75. Kg4 Rg1+ 76. Kf3 Rf1+ 77. Ke4 Re1+ 78. Kd3
Re5 79. Rb7 Rxf5 80. Rxb4 Rxf6 81. Kd4 Rf4+ 82. Kc5 Rxb4 83. Kxb4 1/2-1/2

[Event "PRO League Group Stage"]
[Site "chess.com INT"]
[Date "2018.02.04"]
[Round "4"]
[White "Prithu, Gupta"]
[Black "Porper, Edward"]
[Result "1/2-1/2"]
[WhiteTitle "FM"]
[BlackTitle "IM"]
[WhiteElo "2373"]
[BlackElo "2377"]
[WhiteTeam "Delhi Dynamite"]
[BlackTeam "London Lions"]
[WhiteFideId "46618546"]
[BlackFideId "2801604"]
[EventDate "2018.01.18"]

1. Nf3 d5 2. c4 d4 3. b4 f6 4. e3 e5 5. Qb3 a5 6. bxa5 Nc6 7. exd4 exd4 8. Bd3
Bc5 9. Ba3 Qd6 10. O-O Nge7 11. Bxc5 Qxc5 12. a6 Rxa6 13. Qb5 Ra5 14. Qxc5 Rxc5
15. Na3 Nb4 16. Bb1 d3 17. Rc1 Kf7 18. Nb5 Be6 19. a3 Rxc4 20. Rxc4 Bxc4 21.
axb4 Bxb5 22. Ba2+ Kg6 23. Nd4 Bc6 24. Re1 Nf5 25. Nxc6 bxc6 26. Bc4 Rd8 27. g4
Nh4 28. Re3 Rd4 29. Bxd3+ Kf7 30. f3 Rxb4 31. Kf2 Ng6 32. Be4 Rc4 33. Ra3 Ke7
34. Ra8 c5 35. Rc8 Rd4 36. Ke3 Ne5 37. Rxc7+ Rd7 38. Rxc5 g6 39. d4 Nf7 40. f4
Nd6 41. Bd3 Ra7 42. Rc6 Ra3 43. d5 Ra7 44. Kd4 Ra4+ 45. Kc5 Ra5+ 46. Kd4 Ra4+
47. Bc4 Nxc4 48. Rxc4 Ra7 49. Kc5 Rc7+ 50. Kd4 Ra7 51. Rc6 Ra4+ 52. Ke3 Ra3+ 53.
Kf2 Ra7 54. h4 Rd7 55. Rc5 Kd6 56. Rb5 Ra7 57. Ke3 Ra3+ 58. Ke4 Ra4+ 59. Ke3
Ra3+ 60. Kd2 Ra4 61. Rb6+ Kxd5 62. Rxf6 Ra2+ 63. Ke3 Ra3+ 64. Kd2 Ra2+ 65. Kc3
Rh2 66. h5 gxh5 67. Rf5+ Ke4 68. Rxh5 Rxh5 69. gxh5 Kxf4 70. Kd2 Kg5 71. Ke3
Kxh5 72. Kf3 Kg5 73. Kg2 h5 74. Kh1 h4 75. Kh2 Kg4 76. Kh1 h3 77. Kg1 Kg3 78.
Kh1 h2 1/2-1/2

[Event "PRO League Group Stage"]
[Site "chess.com INT"]
[Date "2018.02.04"]
[Round "4"]
[White "Carlsen, Magnus"]
[Black "Yanchenko, Roman"]
[Result "1-0"]
[WhiteTitle "GM"]
[BlackTitle "FM"]
[WhiteElo "2834"]
[BlackElo "2436"]
[WhiteTeam "Norway Gnomes"]
[BlackTeam "London Towers"]
[WhiteFideId "1503014"]
[BlackFideId "4137329"]
[EventDate "2018.01.18"]

1. h3 d5 2. c4 c6 3. Nf3 g6 4. cxd5 cxd5 5. d4 Bg7 6. Nc3 Nf6 7. Bf4 Nc6 8. e3
O-O 9. Be2 a6 10. O-O Bf5 11. Rc1 Rc8 12. Qb3 b5 13. Ne5 Nxe5 14. Bxe5 Ne4 15.
Nxe4 Bxe4 16. Bxg7 Kxg7 17. Rc5 e5 18. Rfc1 Rxc5 19. dxc5 Bf5 20. Rd1 Be6 21.
Qc3 Qc7 22. b4 Rd8 23. Qa1 d4 24. exd4 exd4 25. Rxd4 Qe5 26. Rd1 Rxd1+ 27. Qxd1
Bxa2 28. Bf3 Qc3 29. c6 Be6 30. Qd6 h5 31. c7 Kh7 32. Kh2 Qc1 33. Bb7 h4 34.
Bxa6 Qc2 35. Qc5 Qe4 36. c8=Q Bxc8 37. Bxc8 f5 38. Ba6 f4 39. f3 1-0

[Event "PRO League Group Stage"]
[Site "chess.com INT"]
[Date "2018.02.04"]
[Round "4"]
[White "Carlsen, Magnus"]
[Black "Spoelman, Wouter"]
[Result "0-1"]
[WhiteTitle "GM"]
[BlackTitle "GM"]
[WhiteElo "2834"]
[BlackElo "2578"]
[WhiteTeam "Norway Gnomes"]
[BlackTeam "Amsterdam Mosquitoes"]
[WhiteFideId "1503014"]
[BlackFideId "1010891"]
[EventDate "2018.01.18"]

1. e4 c5 2. Nf3 e6 3. d3 Nc6 4. g3 d5 5. Qe2 Nge7 6. Bg2 g6 7. h4 h5 8. O-O Bg7
9. e5 Nf5 10. c3 b6 11. Bg5 Qc7 12. Re1 Ba6 13. a4 Nh6 14. Na3 Ng4 15. Bf4 O-O
16. Bh3 Qd7 17. Nc2 d4 18. c4 Bb7 19. Bxg4 hxg4 20. Nh2 Nxe5 21. Bxe5 Qc6 22. f3
gxf3 23. Qf2 f6 24. Bxd4 cxd4 25. Nxd4 Qd7 26. Nxe6 Rfe8 27. Nxg7 Kxg7 28. d4
Re2 29. Rxe2 fxe2 30. Re1 Qc6 31. d5 Qxc4 32. Rxe2 Qxd5 33. Re7+ Kg8 34. Kf1
Ba6+ 35. Kg1 Bb7 36. Kf1 Rc8 37. Re1 Qh1+ 38. Ke2 Rc2+ 39. Kd3 Rxf2 40. Rxh1
Bxh1 0-1

[Event "PRO League Group Stage"]
[Site "chess.com INT"]
[Date "2018.02.04"]
[Round "4"]
[White "Vachier-Lagrave, Maxime"]
[Black "Ghosh, Diptayan"]
[Result "1-0"]
[WhiteTitle "GM"]
[BlackTitle "GM"]
[WhiteElo "2793"]
[BlackElo "2556"]
[WhiteTeam "Marseille Migraines"]
[BlackTeam "Mumbai Movers"]
[WhiteFideId "623539"]
[BlackFideId "5045207"]
[EventDate "2018.01.18"]

1. e4 c6 2. Nf3 d5 3. Nc3 Nf6 4. e5 Ne4 5. Be2 Nxc3 6. dxc3 Bg4 7. Ng5 Bxe2 8.
Qxe2 e6 9. h4 Nd7 10. Bf4 h6 11. Nf3 Qa5 12. h5 Qb5 13. Qxb5 cxb5 14. O-O-O Be7
15. g4 Rc8 16. Bg3 Nc5 17. Nd2 O-O 18. Kb1 Rfd8 19. f3 Nd7 20. Rhe1 b4 21. cxb4
Bxb4 22. c3 Be7 23. f4 Nc5 24. Nb3 a6 25. Bf2 Ne4 26. Bd4 Kf8 27. Bb6 Rd7 28.
Rxe4 1-0